[Event "Challenge"]
[Site "http://www.queenalice.com/game.php?id=1115403"]
[Date "2012.10.23"]
[Round "-"]
[White "Stephanovski"]
[Black "VANESSACURSO2012JP"]
[Result "1-0"]
[WhiteElo "1495"]
[BlackElo "1185"]

1. d4 d5 2. c4 e6 3. Nc3 Nf6 4. Bg5 Bb4 5. Qb3 c5 6. dxc5 dxc4 7. Qxb4 Nbd7 8.
O-O-O Ne5 9. Rxd8+ Kxd8 10. Nf3 a5 11. Qb6+ Ke7 12. Qd6+ Ke8 13. Nxe5 Bd7 14.
Bxf6 gxf6 15. Qxd7+ Kf8 16. Qxf7# 1-0

[Event "Challenge"]
[Site "http://www.queenalice.com/game.php?id=1116507"]
[Date "2012.10.27"]
[Round "-"]
[White "WBSXadrez"]
[Black "VANESSACURSO2012JP"]
[Result "1-0"]
[WhiteElo "1618"]
[BlackElo "1176"]

1. d4 e5 2. dxe5 d6 3. Qd5 Be6 4. Qe4 Nc6 5. Bf4 Nf6 6. Qf3 Nd4 7. Qc3 dxe5 8.
Bxe5 Bd6 9. Bxd4 O-O 10. Bxf6 Qxf6 11. Qxf6 Bb4+ 12. Qc3 c5 13. Qxb4 cxb4 14. b3
Rfd8 15. Nd2 1-0

[Event "Challenge"]
[Site "http://www.queenalice.com/game.php?id=1125979"]
[Date "2012.11.26"]
[Round "-"]
[White "WBSXadrez"]
[Black "VANESSACURSO2012JP"]
[Result "1-0"]
[WhiteElo "1610"]
[BlackElo "1168"]

1. Nc3 e5 2. Nd5 Nf6 3. c4 Nc6 4. Nf3 d6 5. Nxf6+ Qxf6 6. e4 Bg4 7. Be2 O-O-O 8.
Qa4 Nd4 9. Qxa7 Nc2+ 10. Kf1 Nxa1 11. Bd1 h5 12. Qa8+ Kd7 13. Ba4+ Ke6 14. Qxb7
Bxf3 15. Qd5+ Ke7 16. gxf3 g5 17. Qd3 g4 18. Qb1 gxf3 19. Qxa1 Bh6 20. d3 h4 21.
b3 h3 22. Rg1 c5 23. Qc3 Bf4 24. Ke1 1-0

[Event "Challenge"]
[Site "http://www.queenalice.com/game.php?id=1126765"]
[Date "2012.11.29"]
[Round "-"]
[White "VANESSACURSO2012JP"]
[Black "Oscar1961"]
[Result "0-1"]
[WhiteElo "1177"]
[BlackElo "1312"]

1. e4 e5 2. Nf3 d6 3. d4 f6 4. Bb5+ c6 5. Bg5 cxb5 6. Nc3 Be6 7. Nxb5 Qa5+ 8.
Nc3 fxg5 9. O-O h6 10. d5 Bd7 11. a4 Qb6 12. b3 Qb4 13. Qd2 g4 14. Nxe5 dxe5 15.
Rfe1 Qd4 16. Red1 Bc5 17. Ra2 a5 18. Raa1 Nf6 19. d6 Nc6 20. Nd5 Nxd5 21. exd5
Bb4 22. Qxd4 exd4 23. dxc6 Bxc6 24. Kf1 Bxd6 25. Rxd4 Be5 26. Rad1 Bxd4 27. Rxd4
Rf8 28. Rxg4 Rd8 29. Rxg7 Rd1+ 30. Ke2 Ra1 31. Rh7 Rf6 32. Rh8+ Ke7 33. c3 Rd6
34. b4 Re6+ 35. Kd3 Rd1+ 36. Kc4 Re4+ 37. Kc5 Bd7 38. bxa5 Rc1 39. Rb8 Rxc3+ 40.
Kb6 Rb4+ 41. Ka7 Rxa4 42. Rxb7 Rxa5+ 43. Kb8 Rc8# 0-1

[Event "Challenge"]
[Site "http://www.queenalice.com/game.php?id=1129274"]
[Date "2012.12.7"]
[Round "-"]
[White "rodrigochess"]
[Black "VANESSACURSO2012JP"]
[Result "1-0"]
[WhiteElo "1325"]
[BlackElo "1168"]

1. e4 e5 2. Nf3 Nf6 3. Nc3 Nc6 4. d3 Bb4 5. Bd2 d6 6. Be2 Nd4 7. a3 Nd5 8. exd5
Nxf3+ 9. Bxf3 h5 10. axb4 Bg4 11. Bxg4 hxg4 12. Qxg4 Rh4 13. Qxg7 a5 14. Bg5
Rxb4 15. Bxd8 Rxb2 16. O-O Rxc2 17. Ne4 b6 18. Nf6+ Kxd8 19. Qf8# 1-0

[Event "Challenge"]
[Site "http://www.queenalice.com/game.php?id=1141901"]
[Date "2013.1.18"]
[Round "-"]
[White "sondinho"]
[Black "VANESSACURSO2012JP"]
[Result "0-1"]
[WhiteElo "965"]
[BlackElo "1186"]

1. e4 e5 2. Bc4 Nf6 3. Nf3 Nc6 4. d3 d6 5. Bg5 Bg4 6. Bxf6 gxf6 7. h3 h5 8. hxg4
hxg4 9. Rxh8 gxf3 10. Qxf3 Nd4 11. Nc3 Nxc2+ 12. Kf1 Nxa1 13. Nd5 Nc2 14. Nxf6+
Ke7 15. Bb3 Nd4 16. Qf5 Nxf5 17. exf5 Kxf6 18. Rh6+ Bxh6 19. a4 a5 20. Bd5 c6
21. Be4 d5 22. g4 Bd2 23. Ke2 Bb4 24. f3 Qh8 25. g5+ Kxg5 26. f6 Kf4 27. Kf2
dxe4 28. dxe4 Qh3 29. Ke2 Rh8 30. Kd3 Qxf3+ 31. Kc4 b6 32. b3 c5 33. Kb5 c4 34.
Kxb6 c3 35. Kc6 Rh6 36. Kd5 c2 37. Kc4 Bd6 38. b4 c1=Q+ 39. Kd5 Qxe4+ 40. Kxd6
Kf5 41. b5 Rxf6+ 42. Ke7 Qa8 43. b6 Qa3+ 44. Kd7 Qd6# 0-1

[Event "Challenge"]
[Site "http://www.queenalice.com/game.php?id=1144347"]
[Date "2013.1.23"]
[Round "-"]
[White "josebaron"]
[Black "VANESSACURSO2012JP"]
[Result "1-0"]
[WhiteElo "1888"]
[BlackElo "1162"]

1. e4 e5 2. Nf3 Nc6 3. Bc4 Bb4 4. c3 Nf6 5. cxb4 Nxb4 6. d3 d6 7. Bg5 Bg4 8.
Qa4+ b5 9. Bxb5+ c6 10. Bxc6+ Nxc6 11. Qxc6+ Ke7 12. Bxf6+ gxf6 13. Nbd2 Rc8 14.
Qa4 f5 15. O-O fxe4 16. Qxe4 h5 17. h3 f5 18. Qe3 Qa5 19. hxg4 hxg4 20. Qg5+ Ke6
21. Qg6+ Kd5 22. Qf7+ Kc5 23. Nb3+ Kb5 24. Nxa5 gxf3 25. Qd5+ Rc5 26. Qb7+ Kxa5
27. b4+ Ka4 28. bxc5 dxc5 29. Rab1 Rh4 30. Qxa7# 1-0

[Event "Challenge"]
[Site "http://www.queenalice.com/game.php?id=1152436"]
[Date "2013.2.16"]
[Round "-"]
[White "WBSXadrez"]
[Black "VANESSACURSO2012JP"]
[Result "1-0"]
[WhiteElo "1614"]
[BlackElo "1181"]

1. e3 d5 2. d4 e6 3. Bb5+ Bd7 4. Qe2 Bb4+ 5. c3 Nc6 6. cxb4 Nxb4 7. Qd2 Bxb5 8.
Qxb4 Nf6 9. Qxb5+ c6 10. Qxb7 Rc8 11. Qxa7 Rc7 12. Qc5 Ne4 13. Qc2 Ra7 14. Qxc6+
Rd7 15. Nf3 Qa5+ 16. Nbd2 Nd6 17. O-O Ne4 18. Ne5 Qa7 19. Qc8+ Rd8 20. Qc6+ Ke7
21. f3 Nxd2 22. Qc5+ Qxc5 23. dxc5 f6 24. Nc6+ Ke8 25. Nxd8 Nxf1 26. Nxe6 g6 27.
Kxf1 h5 28. Nd4 g5 29. e4 g4 30. exd5 gxf3 31. gxf3 h4 32. h3 Rf8 33. Nf5 Kd7
34. b4 Rb8 35. a3 Kc7 36. Bf4+ Kc8 37. Bxb8 Kxb8 38. Re1 Kc8 39. Re7 Kd8 40. d6
Kc8 41. d7+ Kc7 42. b5 Kb7 43. d8=Q# 1-0

[Event "Challenge"]
[Site "http://www.queenalice.com/game.php?id=1153688"]
[Date "2013.2.20"]
[Round "-"]
[White "VANESSACURSO2012JP"]
[Black "Oscar1961"]
[Result "0-1"]
[WhiteElo "1195"]
[BlackElo "1307"]

1. e4 e5 2. Bb5 c6 3. Nc3 cxb5 4. Nxb5 a6 5. c4 axb5 6. b3 g6 7. Nf3 Nc6 8. O-O
Nf6 9. Bb2 d6 10. cxb5 Nb4 11. Bc3 Nd3 12. Nxe5 dxe5 13. f4 Ng4 14. Rf3 Bc5+ 15.
Kf1 Ngf2 16. Qc2 h5 17. a3 Bxa3 18. Bxe5 Rg8 19. f5 Qe7 20. Ke2 Nb4 21. Qc7 Qh4
22. g3 Qxh2 23. Rc1 Bxc1 24. Qxc1 Nfd3+ 25. Ke3 Nxc1 26. fxg6 Rxg6 27. Rf2 Rxg3+
28. Rf3 Qg1+ 29. Kf4 Ncd3+ 30. Rxd3 Qf1+ 31. Kxg3 Nxd3 32. Bf6 Ra3 33. b4 Qf2#
0-1

[Event "Challenge"]
[Site "http://www.queenalice.com/game.php?id=1158978"]
[Date "2013.3.8"]
[Round "-"]
[White "VANESSACURSO2012JP"]
[Black "Oscar1961"]
[Result "1/2-1/2"]
[WhiteElo "1181"]
[BlackElo "1294"]

1. e4 e5 2. Nf3 f6 3. Bc4 Bd6 4. O-O Ne7 5. Nc3 c6 6. d4 exd4 7. Nxd4 b5 8.
Ncxb5 cxb5 9. Nxb5 Be5 10. Be3 Bxb2 11. Rb1 a6 12. Nd6+ Kf8 13. Nf7 Qc7 14. Rxb2
Qxc4 15. Nxh8 Qg8 16. Bc5 a5 17. Rb3 Ba6 18. Re1 Qxh8 19. Rb6 Bc4 20. a3 d5 21.
exd5 Bxd5 22. Rbe6 Bxe6 23. Rxe6 Qg8 24. Bxe7+ Kf7 25. Qd5 Ra7 26. c4 Na6 27. f3
Kg6 28. Rxf6+ gxf6 29. Qxg8+ Kf5 30. Qg7 Ke5 31. c5 Nc7 32. g4 Nd5 33. c6 Nxe7
34. Kg2 Nxc6 35. Kg3 Rxg7 36. f4+ Kd4 37. h3 f5 38. Kf3 Re7 39. gxf5 Rf7 40. Kg4
Ke3 41. Kg5 Rg7+ 1/2-1/2

[Event "Challenge"]
[Site "http://www.queenalice.com/game.php?id=1160235"]
[Date "2013.3.12"]
[Round "-"]
[White "rapfir"]
[Black "VANESSACURSO2012JP"]
[Result "1-0"]
[WhiteElo "1427"]
[BlackElo "1208"]

1. c4 Nc6 2. d4 d6 3. d5 Nd4 4. Qxd4 Nf6 5. f4 e5 6. fxe5 dxe5 7. Qxe5+ Be7 8.
Nf3 O-O 9. Bf4 Bb4+ 10. Kf2 c6 11. e4 Bg4 12. h3 Be1+ 13. Nxe1 Qa5 14. Nc3 cxd5
15. cxd5 Rae8 16. Qd6 Rxe4 17. Kg3 Rd8 18. Nxe4 Rxd6 19. Nxd6 h6 20. hxg4 Qxd5
21. Bd3 a6 22. Rd1 Qxa2 23. Rb1 h5 24. g5 g6 25. gxf6 1-0

[Event "OS INCLIVEIS"]
[Site "http://www.queenalice.com/game.php?id=1173525"]
[Date "2013.4.20"]
[Round "-"]
[White "adelio"]
[Black "VANESSACURSO2012JP"]
[Result "1-0"]
[WhiteElo "1738"]
[BlackElo "1181"]

1. d4 d5 2. e4 c6 3. e5 e6 4. Nf3 Bb4+ 5. c3 a5 6. cxb4 axb4 7. b3 Nd7 8. Nbd2
b6 9. h4 c5 10. Ng5 cxd4 11. Nxf7 Kxf7 12. Nf3 d3 13. Bxd3 Ba6 14. Ng5+ Ke7 15.
Qg4 Qc7 16. Qxe6+ Kd8 17. Nf7+ Kc8 18. Bxa6+ Rxa6 19. Qe8+ Kb7 20. Nd6+ Kc6 21.
Be3 h6 22. Rc1# 1-0

[Event "Challenge"]
[Site "http://www.queenalice.com/game.php?id=1174758"]
[Date "2013.4.24"]
[Round "-"]
[White "VANESSACURSO2012JP"]
[Black "rodrigochess"]
[Result "1-0"]
[WhiteElo "1186"]
[BlackElo "1360"]

1. d4 d5 2. Nc3 Nf6 3. Bf4 e6 4. e3 Be7 5. Bb5+ Nc6 6. Nf3 Bd7 7. Ne5 O-O 8. O-O
a6 9. Bxc6 Bxc6 10. Nxc6 bxc6 11. Bg5 h6 12. Bxf6 Bxf6 13. f3 Rb8 14. Ne4 dxe4
15. fxe4 Qe7 16. c3 Rxb2 17. Qa4 Ra8 18. Qxc6 Re2 19. e5 Bg5 20. Rab1 Ra7 21.
Rb8+ Kh7 22. Qe4+ g6 23. h3 Qa3 24. Rxf7# 1-0

[Event "Challenge"]
[Site "http://www.queenalice.com/game.php?id=1180200"]
[Date "2013.5.10"]
[Round "-"]
[White "WBSXadrez"]
[Black "VANESSACURSO2012JP"]
[Result "1-0"]
[WhiteElo "1618"]
[BlackElo "1207"]

1. Nf3 e6 2. Ne5 d6 3. Ng4 f5 4. Ne3 Nf6 5. f3 Nc6 6. d4 d5 7. c3 g5 8. h4 gxh4
9. Rxh4 Nxd4 10. Qxd4 Bg7 11. g4 Qd6 12. gxf5 exf5 13. Nxf5 Bxf5 14. e4 1-0

[Event "Let's Play Chess!"]
[Site "http://www.queenalice.com/game.php?id=1288811"]
[Date "2014.6.17"]
[Round "-"]
[White "Nimzou"]
[Black "VANESSACURSO2012JP"]
[Result "1-0"]
[WhiteElo "1260"]
[BlackElo "1208"]

1. Nf3 Nf6 2. d3 e5 3. Nbd2 d6 4. h3 Nc6 5. c3 Bf5 6. g3 Be7 7. Bg2 O-O 8. O-O
d5 9. a3 e4 10. Ng5 a5 11. f4 e3 12. Ndf3 1-0

[Event "Let's Play Chess!"]
[Site "http://www.queenalice.com/game.php?id=1288812"]
[Date "2014.6.17"]
[Round "-"]
[White "VANESSACURSO2012JP"]
[Black "Nimzou"]
[Result "0-1"]
[WhiteElo "1194"]
[BlackElo "1274"]

1. e4 e5 2. Nf3 f6 3. Nc3 Nc6 4. Bc4 Nge7 5. O-O a6 6. d3 d5 7. Bxd5 Nb4 8. a3
Nbxd5 9. exd5 Bg4 10. a4 Nxd5 11. Nxd5 Bd6 0-1

[Event "Challenge"]
[Site "http://www.queenalice.com/game.php?id=1289070"]
[Date "2014.6.18"]
[Round "-"]
[White "VANESSACURSO2012JP"]
[Black "FrancisJP2012"]
[Result "0-1"]
[WhiteElo "1181"]
[BlackElo "1441"]

1. e4 e5 2. Bb5 c6 3. Nc3 Nf6 4. d3 Bb4 5. Nf3 d5 6. Nxe5 cxb5 7. O-O Nc6 8. a4
Qa5 9. Bg5 dxe4 10. dxe4 Nxe5 11. f4 Nc6 12. e5 Bg4 13. Ne2 Bc5+ 14. Rf2 O-O 15.
exf6 gxf6 16. Bxf6 Rae8 17. b3 Bxe2 18. Qd5 Qb6 19. g4 Bxf2+ 0-1